English Words of Māori Origin - Statistics

General Stats
  • This quiz has been taken 84 times
  • The average score is 4 of 8
Answer Stats
Definition Word % Correct
Flightless New Zealand bird with hairlike feathers, having a long downcurved bill with sensitive nostrils at the tip. Kiwi
89%
Māori ceremonial war dance involving chanting, an imitation of which is performed by New Zealand rugby teams before a match. Haka
83%
Large extinct flightless bird resembling the emu, formerly found in New Zealand. Moa
66%
Pit in which food is cooked on heated stones. Hangi
45%
Large fast-moving oceanic shark with a deep blue back and white underparts. Mako
41%
Ceremonial Māori funeral or wake. Tangi
32%
Māori hut or house. Whare
30%
Ornamental woven latticework panels used for decoration, particularly on the walls of a Māori meeting house. Tukutuku
17%
No matching quizzes found
Score Distribution
Percent of People with Each Score
Percentile by Number Answered
Your Score History
You have not taken this quiz